| 000 | 00632nam a22002172a 4500 | ||
|---|---|---|---|
| 001 | 21304 | ||
| 003 | BD-RjUL | ||
| 005 | 20211209000654.0 | ||
| 008 | 140304s1961 enka 000 1 eng d | ||
| 035 | _aBD-RjUL)21368 | ||
| 040 |
_aEYP _cEYP _dUKM _dEQO _dBD-RjUL _beng |
||
| 041 | _aeng | ||
| 082 | 0 | 4 |
_a823.91 _218 _bMAS 1961 |
| 100 | 1 |
_aMayne, William, _d1928-2010 _965869 |
|
| 245 | 1 | 0 |
_aSummer visitors / _cIllustrated by William Stobbs |
| 260 |
_aOxford University Press : _bLondon, _cc1961 |
||
| 300 |
_a232 p. ; _billus |
||
| 650 | 0 |
_a Cornwall (England : County) -- Fiction. _965870 |
|
| 942 |
_2ddc _cBK |
||
| 999 |
_c21304 _d21304 |
||